[Event "WYCC U14 Girls 2019"]
[Site "Mumbai"]
[Date "2019.10.11"]
[Round "10.3"]
[White "Rakshitta Ravi"]
[Black "Divya Deshmukh"]
[Result "1/2-1/2"]
[WhiteElo "2310"]
[BlackElo "2358"]
[Annotator "NA"]
[PlyCount "67"]
[EventDate "2019.10.02"]
[EventType "swiss"]
[EventCountry "IND"]
[SourceTitle "playchess.com"]
[Source "ChessBase"]
[SourceQuality "1"]
[TimeControl "40/5400+30:1800+30"]

1. e4 {[%emt 0:00:00]} c5 {[%emt 0:00:00]} 2. Nf3 {[%emt 0:00:08]} d6 {[%emt 0:00:00]} 3. Nc3 {[%emt 0:00:20]} Nf6 {[%emt 0:00:00]} 4. e5 {[%emt 0:00:19]} dxe5 {[%emt 0:01:49]} 5. Nxe5 {[%emt 0:00:11]} e6 {[%emt 0:11:15]} 6. Bb5+ {[%emt 0:01:37]} Nbd7 {[%emt 0:13:04]} 7. d4 {[%emt 0:00:33]} a6 {[%emt 0:08:37]} 8. Bxd7+ {[%emt 0:00:43]} Nxd7 {[%emt 0:00:20]} 9. Qh5 {[%emt 0:00:40]} Nxe5 {[%emt 0:08:11]} 10. dxe5 {[%emt 0:00:12]} b5 {[%emt 0:02:12]} 11. Bg5 {[%emt 0:01:34]} Be7 {[%emt 0:03:46]} 12. Rd1 {[%emt 0:09:38]} Qc7 {[%emt 0:13:46]} 13. Bxe7 {[%emt 0:00:34]} Qxe7 {[%emt 0:00:05]} 14. Ne4 {[%emt 0:00:17]} Bb7 {[%emt 0:00:38]} 15. Nd6+ {[%emt 0:02:25]} Kf8 {[%emt 0:00:01]} 16. O-O {[%emt 0:06:16]} h6 {[%emt 0:02:07]} 17. Qxf7+ {[%emt 0:20:41]} Qxf7 {[%emt 0:00:06]} 18. Nxf7 {[%emt 0:00:03]} Kxf7 {[%emt 0:00:06]} 19. Rd7+ {[%emt 0:00:03]} Kg6 {[%emt 0:00:04]} 20. Rxb7 {[%emt 0:00:04]} Rhd8 {[%emt 0:00:14]} 21. f4 {[%emt 0:00:54]} Rd2 {[%emt 0:02:59]} 22. g4 {[%emt 0:04:14]} Rf8 {[%emt 0:07:40]} 23. Re7 {[%emt 0:13:47]} Rxc2 {[%emt 0:00:29]} 24. Rxe6+ {[%emt 0:00:10]} Kh7 {[%emt 0:00:08]} 25. f5 {[%emt 0:09:26]} Rxb2 {[%emt 0:05:04]} 26. Rxa6 {[%emt 0:05:47]} c4 {[%emt 0:02:00]} 27. Ra7 {[%emt 0:13:42]} Rc8 {[%emt 0:07:28]} 28. f6 {[%emt 0:06:17]} c3 {[%emt 0:00:29]} 29. Rxg7+ {[%emt 0:00:48]} Kh8 {[%emt 0:00:00]} 30. e6 {[%emt 0:00:09]} c2 {[%emt 0:02:21]} 31. Rc7 {[%emt 0:01:52]} Rxc7 {[%emt 0:00:52]} 32. f7 {[%emt 0:01:32]} c1=Q {[%emt 0:00:32]} 33. f8=Q+ {[%emt 0:00:04]} Kh7 {[%emt 0:00:03]} 34. Qf5+ {[%emt 0:00:05]} 1/2-1/2

[Event "WYCC U14 Girls 2019"]
[Site "Mumbai"]
[Date "2019.10.11"]
[Round "10.4"]
[White "Wikar, Martyna"]
[Black "Kamalidenova, Meruert"]
[Result "0-1"]
[WhiteElo "1969"]
[BlackElo "2025"]
[Annotator "NA"]
[PlyCount "108"]
[EventDate "2019.10.02"]
[EventType "swiss"]
[EventCountry "IND"]
[SourceTitle "playchess.com"]
[Source "ChessBase"]
[SourceQuality "1"]
[TimeControl "40/5400+30:1800+30"]

1. d4 {[%emt 0:00:00]} Nf6 {[%emt 0:00:00]} 2. Nc3 {[%emt 0:00:03]} d5 {[%emt 0:00:00]} 3. Bf4 {[%emt 0:00:38]} e6 {[%emt 0:00:33]} 4. Nb5 {[%emt 0:00:23]} Na6 {[%emt 0:00:28]} 5. e3 {[%emt 0:00:34]} Be7 {[%emt 0:01:30]} 6. Nf3 {[%emt 0:00:54]} O-O {[%emt 0:02:04]} 7. Bd3 {[%emt 0:01:37]} c6 {[%emt 0:01:42]} 8. Nc3 {[%emt 0:00:26]} Nb4 {[%emt 0:00:36]} 9. h3 {[%emt 0:03:00]} c5 {[%emt 0:04:25]} 10. O-O {[%emt 0:01:27]} b6 {[%emt 0:04:14]} 11. Ne5 {[%emt 0:03:00]} Bb7 {[%emt 0:03:30]} 12. a3 {[%emt 0:03:51]} Nxd3 {[%emt 0:02:53]} 13. Qxd3 {[%emt 0:00:47]} a5 {[%emt 0:02:46]} 14. Nb5 {[%emt 0:05:37]} a4 {[%emt 0:06:58]} 15. b3 {[%emt 0:05:31]} Ne4 {[%emt 0:00:00]} 16. Nc3 {[%emt 0:00:00]} Nf6 {[%emt 0:00:00]} 17. Nb5 {[%emt 0:01:00]} Ne4 {[%emt 0:07:52]} 18. Nf3 {[%emt 0:09:16]} Ba6 {[%emt 0:05:37]} 19. c4 {[%emt 0:05:40]} Bxb5 {[%emt 0:01:07]} 20. cxb5 {[%emt 0:00:20]} axb3 {[%emt 0:00:09]} 21. Qxb3 {[%emt 0:01:07]} c4 {[%emt 0:00:19]} 22. Qb2 {[%emt 0:00:56]} Ra4 {[%emt 0:00:00]} 23. Qc3 {[%emt 0:00:04]} Ra8 {[%emt 0:01:00]} 24. Qb2 {[%emt 0:00:56]} Ra4 {[%emt 0:00:00]} 25. Ne5 {[%emt 0:00:00]} Ra8 {[%emt 0:01:00]} 26. Nf3 {[%emt 0:01:00]} Ra4 {[%emt 0:13:15]} 27. Ne5 {[%emt 0:03:21]} Nf6 {[%emt 0:03:03]} 28. f3 {[%emt 0:04:15]} Qa8 {[%emt 0:04:06]} 29. Nc6 {[%emt 0:02:44]} Qb7 {[%emt 0:00:31]} 30. Ra2 {[%emt 0:00:00]} Qb8 {[%emt 0:00:29]} 31. Raa1 {[%emt 0:01:00]} Qb7 {[%emt 0:00:31]} 32. Ra2 {[%emt 0:03:12]} Rfa8 {[%emt 0:06:04]} 33. Rfa1 {[%emt 0:00:15]} Bf8 {[%emt 0:02:36]} 34. Qc3 {[%emt 0:01:04]} Qd7 {[%emt 0:05:22]} 35. Be5 {[%emt 0:03:38]} Ne8 {[%emt 0:02:35]} 36. e4 {[%emt 0:02:33]} f6 {[%emt 0:02:19]} 37. Bf4 {[%emt 0:06:58]} Nd6 {[%emt 0:00:35]} 38. Bxd6 {[%emt 0:01:32]} Qxd6 {[%emt 0:00:12]} 39. exd5 {[%emt 0:02:11]} exd5 {[%emt 0:01:14]} 40. Qe3 {[%emt 0:06:52]} Qd7 {[%emt 0:06:05]} 41. Kh1 {[%emt 0:33:26]} Bd6 {[%emt 0:31:50]} 42. f4 {[%emt 0:03:35]} Re8 {[%emt 0:01:20]} 43. Qf3 {[%emt 0:01:40]} Qe6 {[%emt 0:01:13]} 44. Qd1 {[%emt 0:01:45]} Raa8 {[%emt 0:00:23]} 45. a4 {[%emt 0:02:34]} Bxf4 {[%emt 0:00:56]} 46. Rf2 {[%emt 0:05:14]} Bc7 {[%emt 0:01:21]} 47. Qf3 {[%emt 0:01:56]} Qd6 {[%emt 0:01:43]} 48. g4 {[%emt 0:00:14]} h6 {[%emt 0:01:55]} 49. h4 {[%emt 0:05:16]} Re4 {[%emt 0:01:28]} 50. h5 {[%emt 0:00:00]} Rae8 {[%emt 0:00:00]} 51. Rg1 {[%emt 0:00:00]} Re3 {[%emt 0:00:00]} 52. Qg2 {[%emt 0:00:00]} Kh8 {[%emt 0:00:00]} 53. Ra2 {[%emt 0:00:00]} Qf4 {[%emt 0:00:00]} 54. Rc2 {[%emt 0:00:00]} Qg5 {[%emt 0:00:00]} 0-1

[Event "WYCC U14 Girls 2019"]
[Site "Mumbai"]
[Date "2019.10.11"]
[Round "10.5"]
[White "Bhagyashree Patil"]
[Black "Dhyana Patel"]
[Result "1-0"]
[WhiteElo "1802"]
[BlackElo "1995"]
[Annotator "NA"]
[PlyCount "51"]
[EventDate "2019.10.02"]
[EventType "swiss"]
[EventCountry "IND"]
[SourceTitle "playchess.com"]
[Source "ChessBase"]
[SourceQuality "1"]
[TimeControl "40/5400+30:1800+30"]

1. e4 c5 2. Nf3 Nc6 3. d4 cxd4 4. Nxd4 g6 5. Nc3 Bg7 6. Be3 Nf6 7. Bc4 O-O 8. Bb3 a6 9. O-O Qc7 10. f4 e5 11. Nxc6 dxc6 12. fxe5 Ng4 13. Bc5 Rd8 14. Be3 Rf8 15. Bc5 Rd8 16. Rxf7 Rxd1+ 17. Rxd1 Qxf7 18. Rd8+ Bf8 19. Rxf8+ Kg7 20. Rxf7+ Kh6 21. e6 b5 22. h3 Ne5 23. Be3+ g5 24. Rf5 Nc4 25. Bxc4 bxc4 26. Rxg5 1-0

[Event "WYCC U14 Girls 2019"]
[Site "Mumbai"]
[Date "2019.10.11"]
[Round "10.6"]
[White "Velpula Sarayu"]
[Black "Hakobyan, Astghik"]
[Result "1-0"]
[WhiteElo "1717"]
[BlackElo "1978"]
[Annotator "NA"]
[PlyCount "118"]
[EventDate "2019.10.02"]
[EventType "swiss"]
[EventCountry "IND"]
[SourceTitle "playchess.com"]
[Source "ChessBase"]
[SourceQuality "1"]
[TimeControl "40/5400+30:1800+30"]

1. e4 {[%emt 0:00:00]} e6 {[%emt 0:00:00]} 2. d4 {[%emt 0:00:28]} d5 {[%emt 0:00:00]} 3. Bd3 {[%emt 0:00:26]} dxe4 {[%emt 0:00:02]} 4. Bxe4 {[%emt 0:00:30]} Nf6 {[%emt 0:00:05]} 5. Bf3 {[%emt 0:00:46]} c5 {[%emt 0:00:57]} 6. Ne2 {[%emt 0:02:04]} Nbd7 {[%emt 0:04:57]} 7. O-O {[%emt 0:11:58]} Bd6 {[%emt 0:02:24]} 8. Nbc3 {[%emt 0:05:48]} O-O {[%emt 0:09:36]} 9. dxc5 {[%emt 0:18:20]} Bxc5 {[%emt 0:02:30]} 10. Bf4 {[%emt 0:02:33]} Re8 {[%emt 0:05:06]} 11. Ng3 {[%emt 0:09:02]} e5 {[%emt 0:11:35]} 12. Bd2 {[%emt 0:01:20]} Qc7 {[%emt 0:02:01]} 13. Qe2 {[%emt 0:00:00]} Bd4 {[%emt 0:00:30]} 14. Rad1 {[%emt 0:00:00]} Nb6 {[%emt 0:00:30]} 15. Bg5 {[%emt 0:00:00]} Bxc3 {[%emt 0:00:30]} 16. bxc3 {[%emt 0:00:00]} Nfd7 {[%emt 0:22:04]} 17. Ne4 {[%emt 0:18:50]} f6 {[%emt 0:02:51]} 18. Nd6 {[%emt 0:03:29]} Rf8 {[%emt 0:10:50]} 19. Nb5 {[%emt 0:00:43]} Qb8 {[%emt 0:00:57]} 20. Bc1 {[%emt 0:00:50]} a6 {[%emt 0:00:36]} 21. Nd6 {[%emt 0:00:07]} Qc7 {[%emt 0:01:04]} 22. Ba3 {[%emt 0:01:12]} Rd8 {[%emt 0:02:45]} 23. Be4 {[%emt 0:02:30]} Nf8 {[%emt 0:02:03]} 24. f4 {[%emt 0:06:54]} exf4 {[%emt 0:01:11]} 25. Rxf4 {[%emt 0:01:05]} Qxc3 {[%emt 0:01:28]} 26. Rf3 {[%emt 0:03:23]} Qe5 {[%emt 0:04:19]} 27. Re3 {[%emt 0:00:37]} Qg5 {[%emt 0:00:20]} 28. Rg3 {[%emt 0:01:05]} Qe5 {[%emt 0:01:26]} 29. Re3 {[%emt 0:00:12]} Qg5 {[%emt 0:01:50]} 30. Rg3 {[%emt 0:01:03]} Qe5 {[%emt 0:00:35]} 31. c4 {[%emt 0:03:32]} Be6 {[%emt 0:01:37]} 32. Re3 {[%emt 0:01:53]} Qg5 {[%emt 0:02:04]} 33. Rg3 {[%emt 0:01:00]} Qe5 {[%emt 0:02:18]} 34. Re3 {[%emt 0:00:11]} Qg5 {[%emt 0:00:04]} 35. Rg3 {[%emt 0:00:39]} Qe5 {[%emt 0:02:30]} 36. Re3 {[%emt 0:00:06]} Qf4 {[%emt 0:00:49]} 37. Rf1 {[%emt 0:02:04]} Qh4 {[%emt 0:01:35]} 38. Bxb7 {[%emt 0:02:46]} Bxc4 {[%emt 0:01:55]} 39. Nxc4 {[%emt 0:00:27]} Qxc4 {[%emt 0:00:28]} 40. Bxa8 {[%emt 0:00:31]} Rxa8 {[%emt 0:00:43]} 41. Qxc4+ {[%emt 0:30:17]} Nxc4 {[%emt 0:30:04]} 42. Rc3 {[%emt 0:00:05]} Ne5 {[%emt 0:00:00]} 43. Bxf8 {[%emt 0:00:00]} Kxf8 {[%emt 0:00:00]} 44. Rb1 {[%emt 0:00:00]} Rd8 {[%emt 0:00:00]} 45. Rc7 {[%emt 0:00:00]} h5 {[%emt 0:00:00]} 46. Ra7 {[%emt 0:00:00]} g5 {[%emt 0:00:00]} 47. Rxa6 {[%emt 0:00:00]} Kg7 {[%emt 0:00:00]} 48. Rf1 {[%emt 0:00:00]} Rf8 {[%emt 0:00:00]} 49. a4 {[%emt 0:00:00]} g4 {[%emt 0:00:00]} 50. a5 {[%emt 0:00:00]} h4 {[%emt 0:00:00]} 51. Rb6 {[%emt 0:00:00]} h3 {[%emt 0:00:00]} 52. gxh3 {[%emt 0:00:00]} gxh3 {[%emt 0:00:00]} 53. a6 {[%emt 0:00:00]} Ra8 {[%emt 0:02:44]} 54. Rfxf6 {[%emt 0:00:00]} Rc8 {[%emt 0:03:17]} 55. Rf1 {[%emt 0:00:00]} Rc2 {[%emt 0:00:50]} 56. Rb3 {[%emt 0:00:00]} Ra2 {[%emt 0:00:20]} 57. Rg3+ {[%emt 0:00:00]} Ng6 {[%emt 0:00:01]} 58. Rxh3 {[%emt 0:00:00]} Rxa6 {[%emt 0:00:09]} 59. Rg3 {[%emt 0:00:00]} Kh6 {[%emt 0:00:31]} 1-0

[Event "WYCC U14 Girls 2019"]
[Site "Mumbai"]
[Date "2019.10.11"]
[Round "10.7"]
[White "Omonova, Umida"]
[Black "Zavivaeva, Emilia"]
[Result "1-0"]
[WhiteElo "2078"]
[BlackElo "1745"]
[Annotator "NA"]
[PlyCount "81"]
[EventDate "2019.10.02"]
[EventType "swiss"]
[EventCountry "IND"]
[SourceTitle "playchess.com"]
[Source "ChessBase"]
[SourceQuality "1"]
[TimeControl "40/5400+30:1800+30"]

1. e4 c5 2. Nf3 Nc6 3. d4 cxd4 4. Nxd4 Nf6 5. Nc3 e5 6. Ndb5 d6 7. Bg5 a6 8. Na3 b5 9. Nd5 Be7 10. Bxf6 Bxf6 11. c4 b4 12. Nc2 O-O 13. g3 a5 14. Bg2 Be6 15. O-O Bxd5 16. Qxd5 Qb6 17. Rad1 Rab8 18. b3 Nd4 19. Nxd4 exd4 20. Qh5 a4 21. f4 Rfe8 22. g4 d3+ 23. Kh1 Qe3 24. Qd5 Qe2 25. g5 Bc3 26. Qxd3 Qxa2 27. bxa4 Rbc8 28. Qxd6 Qxc4 29. e5 g6 30. Bd5 Qe2 31. Qd7 Rf8 32. e6 Rcd8 33. exf7+ Kg7 34. Qb5 Qxb5 35. axb5 Rd6 36. Bc4 Rfd8 37. Rxd6 Rxd6 38. f5 gxf5 39. Rxf5 Kf8 40. Rc5 Rd8 41. b6 1-0

[Event "WYCC U14 Girls 2019"]
[Site "Mumbai"]
[Date "2019.10.11"]
[Round "10.8"]
[White "Poliakova, Varvara"]
[Black "De Rycke, Tyani"]
[Result "1-0"]
[WhiteElo "2042"]
[BlackElo "1891"]
[Annotator "NA"]
[PlyCount "157"]
[EventDate "2019.10.02"]
[EventType "swiss"]
[EventCountry "IND"]
[SourceTitle "playchess.com"]
[Source "ChessBase"]
[SourceQuality "1"]
[TimeControl "40/5400+30:1800+30"]

1. e4 {[%emt 0:00:00]} c5 {[%emt 0:00:00]} 2. Nf3 {[%emt 0:00:00]} e6 {[%emt 0:00:00]} 3. d4 {[%emt 0:00:00]} cxd4 {[%emt 0:00:00]} 4. Nxd4 {[%emt 0:00:00]} Nf6 {[%emt 0:00:00]} 5. Nc3 {[%emt 0:00:01]} Nc6 {[%emt 0:00:00]} 6. Ndb5 {[%emt 0:00:36]} Bb4 {[%emt 0:00:08]} 7. a3 {[%emt 0:00:35]} Bxc3+ {[%emt 0:00:12]} 8. Nxc3 {[%emt 0:00:05]} d5 {[%emt 0:00:06]} 9. exd5 {[%emt 0:00:04]} exd5 {[%emt 0:00:05]} 10. Bd3 {[%emt 0:00:40]} O-O {[%emt 0:00:21]} 11. O-O {[%emt 0:01:08]} d4 12. Ne2 {[%emt 0:02:04]} Bg4 {[%emt 0:00:37]} 13. Bg5 {[%emt 0:02:19]} Qd6 {[%emt 0:00:57]} 14. h3 {[%emt 0:02:51]} Bh5 {[%emt 0:00:53]} 15. Bf4 {[%emt 0:02:21]} Qd7 {[%emt 0:01:29]} 16. Qd2 {[%emt 0:02:46]} Rfe8 {[%emt 0:00:48]} 17. Ng3 {[%emt 0:03:29]} Bg6 {[%emt 0:01:25]} 18. Rad1 {[%emt 0:02:31]} Rad8 {[%emt 0:03:06]} 19. Bg5 {[%emt 0:02:08]} Bxd3 {[%emt 0:03:13]} 20. Qxd3 {[%emt 0:01:18]} Re6 {[%emt 0:00:55]} 21. Nf5 {[%emt 0:05:27]} h6 {[%emt 0:19:52]} 22. Bc1 {[%emt 0:10:28]} Re4 {[%emt 0:05:44]} 23. Ng3 {[%emt 0:03:20]} Re6 {[%emt 0:13:51]} 24. b4 {[%emt 0:02:43]} Ne5 {[%emt 0:06:56]} 25. Qb3 {[%emt 0:00:52]} Qd5 {[%emt 0:00:55]} 26. Qxd5 {[%emt 0:02:05]} Rxd5 {[%emt 0:00:10]} 27. Bb2 {[%emt 0:02:26]} Red6 {[%emt 0:01:03]} 28. Ne2 {[%emt 0:04:36]} Nc4 {[%emt 0:09:23]} 29. Bxd4 {[%emt 0:02:58]} Nxa3 {[%emt 0:00:11]} 30. c3 {[%emt 0:01:31]} Nb5 {[%emt 0:01:54]} 31. Ra1 {[%emt 0:01:33]} Nxd4 {[%emt 0:00:47]} 32. Nxd4 {[%emt 0:00:12]} a6 {[%emt 0:00:37]} 33. Rfe1 {[%emt 0:00:36]} Rd7 {[%emt 0:00:49]} 34. Nb3 {[%emt 0:02:58]} Rc7 {[%emt 0:02:44]} 35. Nc5 {[%emt 0:01:01]} Rd2 {[%emt 0:07:00]} 36. Rad1 {[%emt 0:01:57]} Rc2 {[%emt 0:03:23]} 37. Rd8+ {[%emt 0:02:10]} Kh7 {[%emt 0:00:07]} 38. Re3 {[%emt 0:00:27]} a5 {[%emt 0:01:46]} 39. Rd6 {[%emt 0:04:42]} axb4 {[%emt 0:03:25]} 40. cxb4 {[%emt 0:00:02]} b6 {[%emt 0:06:39]} 41. Ne4 {[%emt 0:31:11]} Nxe4 {[%emt 0:32:36]} 42. Rxe4 {[%emt 0:00:27]} R7c6 {[%emt 0:03:04]} 43. Red4 {[%emt 0:02:23]} b5 {[%emt 0:00:00]} 44. Rxc6 {[%emt 0:00:00]} Rxc6 {[%emt 0:00:00]} 45. Rd5 {[%emt 0:00:00]} Rb6 {[%emt 0:00:00]} 46. Kf1 {[%emt 0:00:00]} Kg6 {[%emt 0:00:00]} 47. Ke2 {[%emt 0:00:00]} Kf6 {[%emt 0:00:00]} 48. Ke3 {[%emt 0:00:00]} Ke6 {[%emt 0:00:00]} 49. Ke4 {[%emt 0:00:00]} g6 {[%emt 0:00:00]} 50. g4 {[%emt 0:00:00]} g5 {[%emt 0:00:00]} 51. f4 {[%emt 0:00:00]} gxf4 {[%emt 0:00:00]} 52. Rh5 {[%emt 0:00:00]} Kd7 {[%emt 0:00:00]} 53. Rf5 {[%emt 0:00:00]} Re6+ {[%emt 0:00:00]} 54. Kxf4 {[%emt 0:00:00]} Kc6 {[%emt 0:00:00]} 55. Rxf7 {[%emt 0:00:00]} Kd5 {[%emt 0:00:00]} 56. Kf5 {[%emt 0:00:00]} Rc6 {[%emt 0:00:00]} 57. Rf6 {[%emt 0:00:00]} Rc3 {[%emt 0:02:24]} 58. Rxh6 {[%emt 0:00:00]} Rf3+ {[%emt 0:00:13]} 59. Kg5 {[%emt 0:00:00]} Kc4 {[%emt 0:00:21]} 60. h4 {[%emt 0:00:00]} Kxb4 {[%emt 0:00:39]} 61. Rb6 {[%emt 0:00:00]} Rf8 {[%emt 0:00:57]} 62. h5 {[%emt 0:00:00]} Kc5 {[%emt 0:00:31]} 63. Rb7 {[%emt 0:00:00]} Rg8+ {[%emt 0:01:00]} 64. Kh4 {[%emt 0:00:00]} Kc6 {[%emt 0:02:09]} 65. Re7 {[%emt 0:00:00]} b4 {[%emt 0:00:13]} 66. h6 {[%emt 0:00:00]} b3 {[%emt 0:00:32]} 67. g5 {[%emt 0:00:00]} Kd6 {[%emt 0:01:22]} 68. Re1 {[%emt 0:00:00]} Rb8 {[%emt 0:01:08]} 69. Kh5 {[%emt 0:00:00]} b2 {[%emt 0:00:20]} 70. Rb1 {[%emt 0:00:00]} Ke6 {[%emt 0:00:39]} 71. Re1+ {[%emt 0:00:00]} Kd6 {[%emt 0:00:21]} 72. Rb1 {[%emt 0:00:00]} Ke6 {[%emt 0:00:39]} 73. Re1+ {[%emt 0:00:00]} Kf7 {[%emt 0:00:27]} 74. g6+ {[%emt 0:00:00]} Kg8 {[%emt 0:00:18]} 75. h7+ {[%emt 0:00:00]} Kg7 {[%emt 0:00:23]} 76. Re7+ {[%emt 0:00:00]} Kf6 {[%emt 0:00:27]} 77. Rb7 {[%emt 0:00:00]} Rc8 {[%emt 0:02:50]} 78. Rxb2 {[%emt 0:00:00]} Rc5+ {[%emt 0:00:17]} 79. Kh6 {[%emt 0:00:00]} 1-0

[Event "WYCC U14 Girls 2019"]
[Site "Mumbai"]
[Date "2019.10.11"]
[Round "10.9"]
[White "Obada, Ema"]
[Black "Cai, Boheng"]
[Result "1-0"]
[WhiteElo "1987"]
[BlackElo "1853"]
[Annotator "NA"]
[PlyCount "65"]
[EventDate "2019.10.02"]
[EventType "swiss"]
[EventCountry "IND"]
[SourceTitle "playchess.com"]
[Source "ChessBase"]
[SourceQuality "1"]
[TimeControl "40/5400+30:1800+30"]

1. e4 {[%emt 0:00:00]} c6 {[%emt 0:00:00]} 2. d3 {[%emt 0:00:00]} d5 {[%emt 0:00:00]} 3. Nd2 {[%emt 0:00:00]} e6 {[%emt 0:00:13]} 4. Ngf3 {[%emt 0:00:13]} Be7 {[%emt 0:00:24]} 5. d4 {[%emt 0:03:35]} dxe4 {[%emt 0:01:00]} 6. Nxe4 {[%emt 0:00:06]} Nf6 {[%emt 0:01:56]} 7. Nxf6+ {[%emt 0:02:43]} Bxf6 {[%emt 0:00:23]} 8. Be2 {[%emt 0:01:11]} Nd7 {[%emt 0:01:43]} 9. O-O {[%emt 0:00:39]} O-O {[%emt 0:00:16]} 10. Bf4 {[%emt 0:02:07]} b6 {[%emt 0:06:16]} 11. Bd3 {[%emt 0:03:08]} Bb7 {[%emt 0:02:24]} 12. Be4 {[%emt 0:03:21]} Re8 {[%emt 0:09:15]} 13. Re1 {[%emt 0:02:11]} g6 {[%emt 0:02:04]} 14. Ne5 {[%emt 0:08:29]} Nxe5 {[%emt 0:01:54]} 15. dxe5 {[%emt 0:00:09]} Be7 {[%emt 0:01:12]} 16. Qg4 {[%emt 0:02:22]} Qc7 {[%emt 0:05:10]} 17. h4 {[%emt 0:05:11]} c5 {[%emt 0:05:09]} 18. h5 {[%emt 0:01:26]} Bxe4 {[%emt 0:00:56]} 19. Rxe4 {[%emt 0:00:05]} Bf8 {[%emt 0:04:06]} 20. Bg5 {[%emt 0:01:05]} Bg7 {[%emt 0:03:54]} 21. Rae1 {[%emt 0:01:08]} Rac8 {[%emt 0:08:26]} 22. Bf6 {[%emt 0:05:28]} Bf8 {[%emt 0:08:35]} 23. R1e3 {[%emt 0:03:19]} Qb7 {[%emt 0:02:15]} 24. Qh3 {[%emt 0:05:22]} Bg7 {[%emt 0:05:13]} 25. Rh4 {[%emt 0:02:52]} Bxf6 {[%emt 0:06:03]} 26. exf6 {[%emt 0:00:05]} e5 {[%emt 0:01:52]} 27. Rg3 {[%emt 0:06:16]} Rc7 {[%emt 0:02:44]} 28. Qf5 {[%emt 0:03:07]} Qc8 {[%emt 0:05:40]} 29. Qe4 {[%emt 0:00:04]} Qb7 {[%emt 0:04:23]} 30. hxg6 {[%emt 0:00:23]} fxg6 {[%emt 0:01:07]} 31. Rxg6+ {[%emt 0:00:11]} Kf8 {[%emt 0:00:17]} 32. Qc4 {[%emt 0:00:45]} Rf7 {[%emt 0:03:49]} 33. Qg4 {[%emt 0:00:07]} 1-0

[Event "WYCC U14 Girls 2019"]
[Site "Mumbai"]
[Date "2019.10.11"]
[Round "10.10"]
[White "Kurmangaliyeva, Liya"]
[Black "Renganayaki V"]
[Result "1-0"]
[WhiteElo "1936"]
[BlackElo "1641"]
[Annotator "NA"]
[PlyCount "111"]
[EventDate "2019.10.02"]
[EventType "swiss"]
[EventCountry "IND"]
[SourceTitle "playchess.com"]
[Source "ChessBase"]
[SourceQuality "1"]
[TimeControl "40/5400+30:1800+30"]

1. e4 {[%emt 0:00:00]} c5 {[%emt 0:00:00]} 2. Nf3 {[%emt 0:00:05]} g6 {[%emt 0:01:36]} 3. d4 {[%emt 0:00:35]} cxd4 {[%emt 0:00:05]} 4. Nxd4 {[%emt 0:00:23]} Bg7 {[%emt 0:00:04]} 5. c4 {[%emt 0:00:29]} Nc6 {[%emt 0:00:05]} 6. Be3 {[%emt 0:00:10]} Nf6 {[%emt 0:00:06]} 7. Nc3 {[%emt 0:00:16]} d6 {[%emt 0:00:12]} 8. Be2 {[%emt 0:00:41]} O-O {[%emt 0:00:29]} 9. O-O {[%emt 0:00:30]} Bd7 {[%emt 0:00:30]} 10. Qd2 {[%emt 0:00:43]} Nxd4 {[%emt 0:01:55]} 11. Bxd4 {[%emt 0:00:16]} Bc6 {[%emt 0:00:07]} 12. f3 {[%emt 0:00:37]} a5 {[%emt 0:00:37]} 13. Rab1 {[%emt 0:05:30]} Nd7 {[%emt 0:01:34]} 14. Be3 {[%emt 0:00:26]} Nc5 {[%emt 0:00:09]} 15. b3 {[%emt 0:01:25]} e6 {[%emt 0:00:34]} 16. Rfc1 {[%emt 0:16:10]} Be5 {[%emt 0:02:38]} 17. Bf1 {[%emt 0:05:12]} Qe7 {[%emt 0:17:06]} 18. Ne2 {[%emt 0:10:39]} Rfd8 {[%emt 0:15:04]} 19. Nd4 {[%emt 0:04:33]} h5 {[%emt 0:13:47]} 20. Qf2 {[%emt 0:08:51]} Kh7 {[%emt 0:10:00]} 21. Rd1 {[%emt 0:02:34]} g5 {[%emt 0:04:36]} 22. Qe2 {[%emt 0:09:54]} Bh8 {[%emt 0:07:05]} 23. a3 {[%emt 0:05:46]} Be8 {[%emt 0:12:23]} 24. b4 {[%emt 0:06:47]} axb4 {[%emt 0:00:35]} 25. axb4 {[%emt 0:00:02]} Na4 {[%emt 0:04:45]} 26. Rb3 {[%emt 0:00:23]} Nb6 {[%emt 0:01:52]} 27. Nxe6 {[%emt 0:11:57]} Qxe6 {[%emt 0:02:29]} 28. Bxb6 {[%emt 0:00:04]} Rdc8 {[%emt 0:02:46]} 29. Rbb1 {[%emt 0:02:08]} d5 {[%emt 0:00:21]} 30. Be3 {[%emt 0:02:38]} dxc4 {[%emt 0:00:19]} 31. Bxg5 {[%emt 0:01:30]} c3 {[%emt 0:00:33]} 32. Rbc1 {[%emt 0:02:01]} Ba4 {[%emt 0:00:26]} 33. Rd5 {[%emt 0:01:45]} Be8 {[%emt 0:00:53]} 34. Be3 {[%emt 0:00:38]} f5 {[%emt 0:00:29]} 35. Rxf5 {[%emt 0:00:49]} Bg6 {[%emt 0:00:02]} 36. Rd5 {[%emt 0:00:17]} Rd8 {[%emt 0:00:40]} 37. Rxd8 {[%emt 0:00:33]} Rxd8 {[%emt 0:00:02]} 38. Qb5 {[%emt 0:00:21]} Qd7 {[%emt 0:01:01]} 39. Qxd7+ {[%emt 0:00:47]} Rxd7 {[%emt 0:00:01]} 40. Bc4 {[%emt 0:00:30]} Bg7 {[%emt 0:01:25]} 41. Bd5 {[%emt 0:08:18]} Rc7 {[%emt 0:08:42]} 42. Bb3 {[%emt 0:07:17]} Bf8 {[%emt 0:04:06]} 43. b5 {[%emt 0:02:35]} Ba3 {[%emt 0:04:05]} 44. Rc2 {[%emt 0:00:20]} Bb4 {[%emt 0:02:04]} 45. Bd4 {[%emt 0:02:50]} Be8 {[%emt 0:00:48]} 46. b6 {[%emt 0:00:51]} Rc8 {[%emt 0:00:20]} 47. Kf2 {[%emt 0:00:37]} Bb5 {[%emt 0:02:21]} 48. Ke3 {[%emt 0:00:07]} Ra8 {[%emt 0:02:22]} 49. Bxc3 {[%emt 0:03:20]} Ra3 {[%emt 0:01:05]} 50. Bxb4 {[%emt 0:00:08]} Rxb3+ {[%emt 0:00:02]} 51. Bc3 {[%emt 0:00:17]} Ra3 {[%emt 0:00:49] Bb4 Rb3+ Bc3 Ba4} 52. Kf4 {[%emt 0:03:24] Rxb6 Bd4 Bxc2 Bxb6} Bd3 {[%emt 0:01:27]} 53. Kg5 {[%emt 0:00:58]} Bf1 {[%emt 0:00:12]} 54. g3 {[%emt 0:00:26]} Bg2 {[%emt 0:00:11]} 55. f4 {[%emt 0:00:14]} Bxe4 {[%emt 0:00:13]} 56. Kxh5 {[%emt 0:00:00] Kg7 Kg5 Kf7 g4} 1-0

[Event "WYCC U14 Girls 2019"]
[Site "Mumbai"]
[Date "2019.10.11"]
[Round "10.11"]
[White "Ruseva, Eva"]
[Black "Ishvi Aggarwal"]
[Result "0-1"]
[WhiteElo "1813"]
[BlackElo "1935"]
[Annotator "NA"]
[PlyCount "123"]
[EventDate "2019.10.02"]
[EventType "swiss"]
[EventCountry "IND"]
[SourceTitle "playchess.com"]
[Source "ChessBase"]
[SourceQuality "1"]
[TimeControl "40/5400+30:1800+30"]

1. d4 d5 2. c4 e6 3. Nc3 Nf6 4. cxd5 exd5 5. Bg5 Be7 6. e3 c6 7. Bd3 Nbd7 8. Qc2 h6 9. Bh4 Nh5 10. Bxe7 Qxe7 11. Nge2 Nb6 12. O-O-O Bd7 13. Ng3 Nxg3 14. hxg3 O-O-O 15. Na4 Nxa4 16. Qxa4 Kb8 17. Qc2 Rhe8 18. Bf5 Qg5 19. Bxd7 Rxd7 20. Rh4 Rde7 21. Rf4 g6 22. g4 h5 23. gxh5 Qxh5 24. g3 f5 25. Re1 Re4 26. Qd1 Rxf4 27. gxf4 Rh8 28. Kd2 Qh2 29. Qe2 Qg2 30. Qf1 Qf3 31. Qe2 Qe4 32. Rg1 Qe6 33. Qf3 Qd6 34. a3 c5 35. dxc5 Qxc5 36. Rc1 Qa5+ 37. Kc2 Rh2 38. Rd1 Qa4+ 39. Kb1 Rxf2 40. Qxf2 Qxd1+ 41. Ka2 Qc1 42. Qh4 Qc4+ 43. Ka1 a6 44. Qd8+ Ka7 45. Qe8 d4 46. exd4 Qxd4 47. Qxg6 Qxf4 48. Qg1+ Ka8 49. Qg8+ Qb8 50. Qf7 f4 51. Kb1 Qd6 52. Qe8+ Ka7 53. Qe2 Qc5 54. Qf3 Qg1+ 55. Kc2 Qg3 56. Qf1 f3 57. Kd1 Qd6+ 58. Kc2 Qg3 59. Kd1 Qd6+ 60. Kc2 Qc5+ 61. Kd3 Qb5+ 62. Kd4 0-1